000 00832nam a2200253 4500
001 27934
003 BD-RjUL
005 20211209051223.0
008 140329c19711942nyu b 00100 eng
035 _a(BD-RjUL)28015
035 _a(BD-RjUL)
040 _aBD-RjUL
_beng
_cBD-RjUL
041 _aeng
082 _a975.5902
_bHAV 1971
100 1 0 _aHart, Freeman Hansford,
_d1889-1965.
_985679
245 1 4 _aThe valley of Virginia in the American Revolution, 1763-1789 /
_cFreeman Hansford Hart
260 0 _aNew York :
_bRussell & Russell,
_c1971, c1942
300 _axii, 223 p. ;
_c23 cm.
504 _aIncludes index
651 0 _aShenandoah River Valley (Va. and W. Va.)
_xHistory
_yRevolution, 1775-1783.
_985680
651 0 _aVirginia
_xHistory
_yRevolution, 1775-1783.
_963277
942 _2ddc
_cBK
999 _c27934
_d27934